|
|
|
|
| LEADER |
00988cam a2200241 7i4500 |
| 001 |
0000065965 |
| 005 |
20220127090000.0 |
| 020 |
|
|
|a 9783030343323 (electronic book)
|
| 090 |
0 |
0 |
|a PJ6403
|b .A23 2020
|
| 100 |
1 |
|
|a Abdelaal, Noureldin
|
| 245 |
1 |
0 |
|a Translation between English and Arabic :
|b a textbook for translation students and educators
|c Noureldin Abdelaal.
|
| 264 |
|
|
|a Cham, Switzerland:
|b Palgrave Macmillan,
|c 2020.
|
| 300 |
|
|
|a 1 online resource (xiii, 146 pages):
|b text file, PDF.
|
| 336 |
|
|
|a text
|2 rdacontent
|
| 337 |
|
|
|a computer
|2 rdamedia
|
| 338 |
|
|
|a online resource
|2 rdacarrier
|
| 650 |
|
0 |
|a Arabic language --
|x Translating into English
|
| 650 |
|
0 |
|a English language --
|x Translating into Arabic
|
| 655 |
|
0 |
|a Electronic books
|
| 856 |
4 |
2 |
|u http://library.unisel.edu.my/web/guest/mylibrary
|
| 997 |
|
|
|a Education & Social Sciences, Faculty
|b Islamic Studies, Department
|
| 998 |
|
|
|a Islamic Studies, Degree
|
| 999 |
|
|
|a EBO0010544
|b EBOOK
|c EBOOK
|e Electronic resources
|